| 000 | 02189nam a2200289Ia 4500 | ||
|---|---|---|---|
| 999 |
_c51730 _d51730 |
||
| 001 | 18722 | ||
| 003 | GE_BSU | ||
| 005 | 20210406121559.0 | ||
| 008 | 181216s2016||||ge |||||||||||||| ||geo|| | ||
| 040 | _cGE_BSU | ||
| 041 | _ageo | ||
| 080 | _a61 ბ-61 | ||
| 100 |
_aბეშკენაძე, ეკატერინე _911093 |
||
| 245 |
_aკბილების ფესვებისა და არხების ანატომიურ - მორფოლოგიური თავისებურებები საქართველოს მოსახლეობაში / _cეკატერინე აბაშიძე; სამეცნიერო ხელმძღვანელები: ნინო ჭიპაშვილი, ეკატერინე მირველაშვილი; თბილისის სახელმწიფო სამედიცინო უნივერსიტეტი. |
||
| 264 |
_aთბილისი : _bთბილისის სახელმწ. უნ-ტის გამ-ბა, _c2016. |
||
| 300 |
_a208 გვ.: _bილუსტრაციები; _c30 სმ. |
||
| 504 | _aბიბლიოგრაფია: გვ.136-148. | ||
| 653 | _aდისერტაცია | ||
| 653 | _aკბილების ფესვებისა და არხების ანატომიურ-მორფოლოგიური თავისებურებები საქართველოს მოსახლეობაში | ||
| 653 | _aმედიცინა | ||
| 653 | _aკბილების არხები | ||
| 653 | _aსტომატოლოგია | ||
| 700 |
_aჭიპაშვილი, ნინო _eსამეცნიერო ხელმძღვანელი _911094 |
||
| 700 |
_aმირველაშვილი, ეკატერინე _eსამეცნიერო ხელმძღვანელი _911095 |
||
| 710 |
_aთბილისის სახელმწიფო სამედიცინო უნივერსიტეტი _99697 |
||
| 942 |
_cBK _2udc |
||